[Event "Orleans op"]
[Site "Orleans"]
[Date "2004.??.??"]
[Round "7"]
[White "Riverais, Gerald"]
[Black "Moizard, B."]
[Result "1/2-1/2"]
[WhiteElo "2054"]
[BlackElo "1850"]
[PlyCount "60"]
[EventDate "2004.12.??"]
[EventType "swiss"]
[EventRounds "9"]
[EventCountry "FRA"]
[SourceTitle "EXT 2007"]
[Source "ChessBase"]
[SourceDate "2006.11.23"]
[SourceVersion "1"]
[SourceVersionDate "2006.11.23"]
[SourceQuality "1"]

1. e4 d5 2. Nc3 d4 3. Nce2 e5 4. Ng3 Be6 5. Nf3 f6 6. Bb5+ c6 7. Ba4 Nd7 8. Bb3 Nc5 9. Bxe6 Nxe6 10. a3 Nh6 11. d3 Nf7 12. Bd2 c5 13. Ng1 Qd7 14. N1e2 b5 15. f4 c4 16. 0-0 Nc5 17. Nc1 Rc8 18. Qh5 cxd3 19. cxd3 Na4 20. fxe5 fxe5 21. Bb4 Bxb4 22. axb4 0-0 23. Rf2 Rc6 24. Nb3 Rfc8 25. Raf1 Nh6 26. h3 Qe6 27. Qf3 g6 28. Qd1 Qe7 29. Qe1 Qg5 30. Re2 Kg7 1/2-1/2